Náramkové hodinky s komplikáciou plánovania udalostí

Saved in:
Bibliographic Details
Main Author: Huraiová, Petra, 1991- (Author)
Other Authors: Humaj, Peter, 1952- (Thesis advisor)
Format: Manuscript Book
Language:Slovak
Published: Bratislava 2015
Subjects:
Online Access:http://is.stuba.sk/zp/portal_zp.pl?podrobnosti=112682
Tags: Add Tag
No Tags, Be the first to tag this record!

MARC

LEADER 00000ntm a22000003a 4500
001 stuzp52319
003 SK-STU
005 20210309080914.6
007 ta
008 150427s2015----xo-----f-mn---000-0-slo-d
040 |a STU  |b slo 
041 0 |a slo 
100 1 |a Huraiová, Petra,  |d 1991-  |u 059190  |4 aut  |U FAD Fakulta architektúry a dizajnu  |U FAD Fakulta architektúry  |T FA Ústav dizajnu  |X 68947  |U A9190  |Y 400  |7 A000068947 
242 0 1 |a Wristwatch with a complication of event planning  |y eng 
245 1 0 |a Náramkové hodinky s komplikáciou plánovania udalostí 
260 |c 2015  |a Bratislava 
650 4 |a hodinárstvo  |2 slo 
650 4 |a náramkové hodinky  |2 slo 
650 4 |a udalosti  |2 slo 
650 4 |a ephemeris  |2 slo 
650 4 |a komplikácia  |2 slo 
650 4 |a watchmaking  |2 eng 
650 4 |a wristwatch  |2 eng 
650 4 |a calendar  |2 eng 
650 4 |a ephemeris  |2 eng 
650 4 |a complication  |2 eng 
700 1 |a Humaj, Peter,  |d 1952-  |4 ths  |X 429  |7 A000000429 
856 4 |u http://is.stuba.sk/zp/portal_zp.pl?podrobnosti=112682  |u https://opac.crzp.sk/?fn=detailBiblioForm&sid=D6D76FDBEB5D0472D970CFD57304 
SQL |a stuzp52319  |b DDP  |c SLO  |d Náramkové hodinky s komplikáciou plánovania udalostí  |e 68947  |f Huraiová, Petra  |g 059190  |h 429  |i Humaj, Peter  |j 20150603  |k 640  |l 05  |m http://is.stuba.sk/zp/portal_zp.pl?podrobnosti=112682  |n I-DZ  |o 2.2.6. dizajn